header

Designing dynamic organizations (Record no. 18582)

MARC details
000 -LEADER
fixed length control field 01296nam a22003374a 4500
082 04 - DEWEY DECIMAL CLASSIFICATION NUMBER
Classification number 658.4/06
100 1# - MAIN ENTRY--AUTHOR NAME
Personal name Galbraith, Jay R.
245 10 - TITLE STATEMENT
Title Designing dynamic organizations
260 ## - PUBLICATION, DISTRIBUTION, ETC. (IMPRINT)
Place of publication New York :
Name of publisher AMACOM,
Year of publication c2002.
300 ## - PHYSICAL DESCRIPTION
Number of Pages xviii, 286 p. :
Other physical details ill.
650 #0 - SUBJECT ADDED ENTRY--TOPICAL TERM
Topical Term Organizational change.
Topical Term Organizational effectiveness.
700 1# - ADDED ENTRY--PERSONAL NAME
Personal name Downey, Diane.
Personal name Kates, Amy.
856 40 - ELECTRONIC LOCATION AND ACCESS
Uniform Resource Identifier http://site.ebrary.com/lib/rucke/Doc?id=10005776

No items available.

© 2026 Rongo University
Contact us: librarian | system librarian | Rongo university